Yellow Flicker Beat by Lorde Quiz Stats

 Plays Quiz not verified by Sporcle

Score 0/256 Timer 10:00
0 Plays Today
Answer % Correct
I
98.9%
I
98.9%
I
98.9%
I
98.9%
I
98.9%
I
98.9%
I
98.9%
a
98.5%
a
98.5%
a
98.5%
a
98.5%
a
98.5%
a
98.5%
a
98.5%
a
98.5%
I'm
97%
I'm
97%
I'm
97%
I'm
97%
I'm
97%
I'm
97%
I'm
97%
the
96.8%
The
96.8%
the
96.8%
the
96.8%
the
96.8%
the
96.8%
the
96.8%
the
96.8%
the
96.8%
the
96.8%
the
96.8%
the
96.8%
the
96.8%
my
95.9%
My
95.9%
my
95.9%
my
95.9%
my
95.9%
my
95.9%
my
95.9%
my
95.9%
my
95.9%
my
95.9%
And
95.8%
And
95.8%
and
95.8%
And
95.8%
and
95.8%
And
95.8%
and
95.8%
and
95.8%
And
95.8%
and
95.8%
and
95.8%
And
95.8%
And
95.8%
And
95.8%
me
94%
me
94%
me
94%
me
94%
me
94%
me
94%
princess
93.8%
is
93.7%
is
93.7%
to
93.7%
to
93.7%
is
93.7%
to
93.7%
is
93.7%
to
93.7%
to
93.7%
to
93.7%
is
93.7%
is
93.7%
They
92.9%
they
92.9%
yellow
92.9%
flicker
92.9%
yellow
92.9%
flicker
92.9%
yellow
92.9%
flicker
92.9%
Answer % Correct
yellow
92.9%
flicker
92.9%
beat
92.8%
beat
92.8%
beat
92.8%
beat
92.8%
beat
92.8%
beat
92.8%
beat
92.8%
from
91.7%
It
91.7%
it
91.7%
it
91.7%
it
91.7%
it
91.7%
it
91.7%
of
91.1%
of
91.1%
of
91.1%
than
91%
that
90.5%
in
90.2%
marble
90.2%
in
90.2%
body
90%
gold
90%
smoother
89.4%
silver
88.8%
up
87.6%
up
87.6%
up
87.6%
up
87.6%
up
87.6%
up
87.6%
they're
87.5%
they're
87.5%
cut
86.9%
heart
86.9%
heart
86.9%
heart
86.9%
scars
86.7%
red
86.7%
red
86.7%
red
86.7%
red
86.7%
people
86.6%
People
86.6%
This
86.6%
this
86.6%
people
86.6%
People
86.6%
this
86.6%
this
86.6%
mark
86.4%
now
86.4%
now
86.4%
now
86.4%
now
86.4%
orange
86.3%
orange
86.3%
orange
86.3%
orange
86.3%
ever
85.8%
keep
85.8%
ever
85.8%
start
85.1%
name
85.1%
start
85.1%
all
84.9%
all
84.9%
all
84.9%
all
84.9%
talk
84.3%
talk
84.3%
whisper
84.3%
talk
84.3%
talk
84.3%
shout
83.9%
used
83.7%
storm
83.1%
but
82.7%
but
82.7%
But
82.7%
home
82.2%
home
82.2%
not
81.1%
Answer % Correct
stones
80.7%
rubies
80.4%
precious
80.2%
so
80.1%
So
80.1%
blood
79.5%
on
79.2%
like
79%
just
78.9%
just
78.9%
veins
78%
move
78%
move
78%
sparking
77.4%
sparking
77.4%
sparking
77.4%
fires
77.2%
with
77.2%
with
77.2%
with
77.2%
nothing
77.1%
keeps
76.6%
quiet
76.3%
tie
76.2%
who
76.2%
through
76%
necklace
75.7%
finger
75.6%
town
74.7%
untie
74.7%
ends
74.7%
found
74.5%
hits
74.1%
how
73.6%
voices
73.5%
down
73.5%
down
73.5%
hot
73.3%
burn
73%
everyone
72.1%
laid
72.1%
never
71.8%
rope
71.2%
here
70.6%
made
70%
locking
69.7%
much
69.5%
stars
69.4%
out
68.2%
little
68.2%
prison
67.7%
together
67.4%
colors
67.1%
disappear
67.1%
sweet
66.8%
fingers
66.4%
try
65.9%
dream
65.9%
watch
65.5%
time
65.3%
shoulder
64.4%
ooh
64%
their
64%
got
64%
ooh
64%
flood
63.7%
laced
63.7%
reach
62.6%
double
61.5%
shivers
60.3%
blades
60%
there's
59.9%
slipping
59.4%
year
57.5%
holes
57%
faces
55.2%
speeding
55.1%
kinds
53.5%
done
52.8%
done
52.8%
fight
49.9%
at
49.6%
We're
48.6%
blur
43.1%

You're not logged in!

Compare scores with friends on all Sporcle quizzes.
OR
Log In

Sporcle TV

Today on Sporcle TV


Watch our educational content, quiz creation guides, and fun videos on Sporcle TV.

Show Comments

Extras

Top Quizzes Today


Score Distribution

Your Account Isn't Verified!

In order to create a playlist on Sporcle, you need to verify the email address you used during registration. Go to your Sporcle Settings to finish the process.

Report this User

Report this user for behavior that violates our Community Guidelines.

Details: